000 01481nam a2200433 ia4500
001 5165300
003 CZ PrSKC
005 20260415090400.0
007 ta
008 251015m20259999xr a j 6 000 1 cze d
020 _a9788076798519
040 _aABG001
_bcze
_erda
041 1 _acze
_heng
072 7 _a741.52
_xKomiksy. Komiksové adaptace
_2Konspekt
072 7 _a821-93
_xLiteratura pro děti a mládež (beletrie)
_2Konspekt
080 _a741.52(0:82-32)
_2MRF
080 _a741.52(0:82-322.9)
_2MRF
080 _a821-93
_2MRF
100 1 _aYang, Gene Luen
_4aut
_920638
240 1 0 _aAvatar: The Last Airbender - The Promise.
_lČesky
245 1 0 _aAvatar :
_blegenda o Aangovi.
_pSlib /
_cscénář Gene Luen Yang ; kresba a obálka Gurihiru ; překlad z angličtiny Ľudovít Plata
246 3 0 _aSlib
246 3 0 _aLegenda o Aangovi
250 _aPrvní vydání
264 1 _a[Praha] :
_bCrew,
_c2025-
300 _a^^^svazků :
_bbarevné ilustrace ;
_c24 cm
500 _aNad názvem: Nickelodeon
505 1 _aČást první. 2025. 76 stran
520 2 _aKomiksový příběh navazuje přesně tam, kde seriál Avatar: Legenda o Aangovi skončil.
655 7 _amanga
_914003
655 7 _afantasy komiksy
_910419
655 7 _apublikace pro mládež
655 9 _afantasy comics
_910420
655 9 _ajuvenile literature
700 1 _aPlata, Ľudovít,
_d1978-
_4trl
_91042
710 2 _aGurihiru
_4ill
_95400
910 _aABG508
999 _c34162
_d34162